[Event "IECC O-3843"]
[Site "IECC email"]
[Date "2014.02.22"]
[Round "?"]
[White "Horka, Steve"]
[Black "Zelina, Michael William"]
[Result "1-0"]
[WhiteElo "1454"]
[BlackElo "1264"]
[PlyCount "47"]
[EventDate "2014.??.??"]
[EventType "swiss (corr)"]
[EventRounds "2"]
[SourceTitle "Corr 2020"]
[Source "ChessBase"]
[SourceDate "2019.09.30"]
[SourceVersion "1"]
[SourceVersionDate "2019.09.30"]
[SourceQuality "1"]
[WhiteTeam "United States"]
[BlackTeam "United States"]
[WhiteTeamCountry "USA"]
[BlackTeamCountry "USA"]

1. d4 Nf6 2. c4 e6 3. Nf3 b6 4. e3 Bb7 5. Nc3 Bb4 6. Bd3 0-0 7. 0-0 d5 8. a3 Bxc3 9. bxc3 Nc6 10. cxd5 exd5 11. Bb2 Re8 12. c4 Ne7 13. Rc1 Rc8 14. cxd5 Nexd5 15. Ne5 Qd6 16. Re1 Nd7 17. Bxh7+ Kxh7 18. Qh5+ Qh6 19. Qf5+ g6 20. Qxf7+ Qg7 21. Qxg7+ Kxg7 22. Nxd7 Rcd8 23. Ne5 Nf6 24. Rxc7+ 1-0

[Event "IECC KO email"]
[Site "IECC email"]
[Date "2002.08.04"]
[Round "?"]
[White "Horka, Steve"]
[Black "Satterfield, Don"]
[Result "1/2-1/2"]
[WhiteElo "1178"]
[BlackElo "1407"]
[PlyCount "53"]
[EventDate "2002.??.??"]
[EventType "tourn (corr)"]
[EventRounds "6"]
[SourceTitle "Corr 2008"]
[Source "ChessBase"]
[SourceDate "2008.06.24"]
[SourceVersion "1"]
[SourceVersionDate "2008.06.24"]
[SourceQuality "1"]

1. c4 e5 2. Nc3 Nc6 3. Nf3 Nf6 4. d4 exd4 5. Nxd4 Bb4 6. Nxc6 bxc6 7. Qb3 Rb8 8. a3 Bxc3+ 9. Qxc3 0-0 10. Qd4 Ba6 11. Bg5 c5 12. Qxc5 Rxb2 13. Qxa7 Qb8 14. Qxb8 Rfxb8 15. Bxf6 gxf6 16. c5 Rb1+ 17. Rxb1 Rxb1+ 18. Kd2 Ra1 19. g3 Ra2+ 20. Kc3 Rxa3+ 21. Kb4 Ra1 22. Bg2 Rxh1 23. Bxh1 Bxe2 24. Be4 h6 25. c6 d6 26. f4 Bg4 27. f5 1/2-1/2

[Event "IECC KO email"]
[Site "IECC email"]
[Date "2002.01.28"]
[Round "?"]
[White "Horka, Steve"]
[Black "Kota, Suman"]
[Result "1-0"]
[WhiteElo "1130"]
[BlackElo "1319"]
[PlyCount "37"]
[EventDate "2002.??.??"]
[EventType "tourn (corr)"]
[EventRounds "6"]
[SourceTitle "Corr 2008"]
[Source "ChessBase"]
[SourceDate "2008.06.24"]
[SourceVersion "1"]
[SourceVersionDate "2008.06.24"]
[SourceQuality "1"]

1. c4 Nf6 2. d4 d5 3. cxd5 Nxd5 4. Nf3 Bf5 5. Qb3 Nb6 6. Nbd2 Nc6 7. e4 Bd7 8. d5 Nb8 9. a4 a5 10. Nc4 Nxc4 11. Bxc4 Qc8 12. Ne5 f6 13. Nd3 b6 14. 0-0 Ra7 15. Re1 Rb7 16. e5 fxe5 17. Nxe5 c6 18. d6 e6 19. Bg5 1-0

[Event "IECC KO email"]
[Site "IECC email"]
[Date "2001.05.08"]
[Round "?"]
[White "Horka, Steve"]
[Black "Copin, Jean Christophe"]
[Result "1-0"]
[WhiteElo "1088"]
[BlackElo "1094"]
[PlyCount "43"]
[EventDate "2001.??.??"]
[EventType "tourn (corr)"]
[EventRounds "6"]
[SourceTitle "Corr 2008"]
[Source "ChessBase"]
[SourceDate "2008.06.24"]
[SourceVersion "1"]
[SourceVersionDate "2008.06.24"]
[SourceQuality "1"]

1. c4 e5 2. Nc3 c6 3. Nf3 Bd6 4. d4 Qe7 5. c5 Bc7 6. Nxe5 Bxe5 7. dxe5 Qxe5 8. Be3 Na6 9. Bd4 Qg5 10. Ne4 Qg6 11. Nd6+ Ke7 12. e4 b6 13. Bxg7 Nxc5 14. e5 Ba6 15. Bxh8 Bxf1 16. Kxf1 f5 17. Qd4 Rf8 18. Rd1 Ne6 19. Nc8+ Kf7 20. Qxd7+ Ne7 21. Bf6 Rxc8 22. Qxe7+ 1-0

[Event "IECC KO email"]
[Site "IECC email"]
[Date "2000.07.26"]
[Round "?"]
[White "Bieker, Peter"]
[Black "Horka, Steve"]
[Result "0-1"]
[WhiteElo "1085"]
[BlackElo "1034"]
[PlyCount "28"]
[EventDate "2000.??.??"]
[EventType "tourn (corr)"]
[EventRounds "6"]
[SourceTitle "Corr 2008"]
[Source "ChessBase"]
[SourceDate "2008.06.24"]
[SourceVersion "1"]
[SourceVersionDate "2008.06.24"]
[SourceQuality "1"]

1. d4 Nf6 2. c4 e6 3. Nf3 d5 4. Nc3 Bb4 5. Bg5 dxc4 6. e4 h6 7. Bxf6 Qxf6 8. Bxc4 0-0 9. 0-0 Rd8 10. Qc2 c6 11. Rad1 Nd7 12. Qb3 a5 13. a3 Be7 14. Qxb7 Bxb7 0-1

[Event "IECC KO email"]
[Site "IECC email"]
[Date "2000.07.26"]
[Round "?"]
[White "Horka, Steve"]
[Black "Bieker, Peter"]
[Result "1-0"]
[WhiteElo "1053"]
[BlackElo "1066"]
[PlyCount "30"]
[EventDate "2000.??.??"]
[EventType "tourn (corr)"]
[EventRounds "6"]
[SourceTitle "Corr 2008"]
[Source "ChessBase"]
[SourceDate "2008.06.24"]
[SourceVersion "1"]
[SourceVersionDate "2008.06.24"]
[SourceQuality "1"]

1. c4 Nf6 2. d4 e5 3. dxe5 Ng4 4. Qd4 d6 5. exd6 Bxd6 6. Qe4+ Qe7 7. Qxe7+ Bxe7 8. Nf3 Nf6 9. Nc3 Be6 10. e4 Nc6 11. Nd5 Bxd5 12. exd5 Nb4 13. Kd1 Ng4 14. Be3 Bf6 15. a3 Na6 1-0